| 000 | 00000nam##2200000za#4500 |
| 001 | 9.647380 |
| 003 | CaOODSP |
| 005 | 20200401055720 |
| 007 | ta |
| 008 | 150407|1999||||xxc||||| f|0| 0 eng|d |
| 020 | |a0-662-27956-5 |
| 040 | |aCaOODSP|beng |
| 043 | |an-cn--- |
| 086 | 1 |aF2-136/1999E |
| 110 | 1 |aCanada. |bDepartment of Finance. |
| 245 | 10|aReforming Canada's financial services sector : |ba framework for the future |
| 260 | |aOttawa - Ontario : |bFinance Canada |c1999. |
| 300 | |a88p. ; |c28 cm. + |eReforming Canada's financial services sector: a framework for the future -- Statement by the Honourable Paul Martin, Minister of Finance; Summary pamphlet; News Release: 99-059. |
| 500 | |aContents: Introduction and overview.--Promoting efficiency and growth.--Fostering domestic competition.--Empowering and protecting consumers of financial services.--Improving the regulatory environment.--Annex: Summary of proposed measures; Sector overview. Accompanied by: Reforming Canada's financial services sector: a framework for the future -- Statement by the Honourable Paul Martin, Minister of Finance (15p., softcover, 28cm.), Cat. no.: F2-136/1999-1E; Summary pamphlet (6 panels), Cat. no.: F2-136/1999-2E; News Release: 99-059 (Ottawa, June 25, 1999). |
| 563 | |aSoftcover |
| 590 | |a99-40|b1999-10-08 |
| 690 | 07|aFinancial institutions|2gcpds |
| 690 | 07|aCompetitiveness|2gcpds |
| 690 | 07|aEconomic policy|2gcpds |
| 775 | 08|tLa réforme du secteur des services financiers canadien : |w(CaOODSP)9.680804 |
| 776 | 0#|tReforming Canada's financial services sector : |w(CaOODSP)9.698487 |